00805nam a2200205Ia 4500003000900000008004100009020001800050040001600068080001900084100002500103245014600128260004400274300000900318490003900327650005800366700002400424942000700448999001700455952012700472IN-BaIIA211028s9999 xx 000 0 eng d a3-7186-5497-0 cIIA Library a047.1:524bNAG aNagirner, D.I921468 0aAstrophysics and spacephysics reviewsbsingle compton scatteringcD. I. Nagirner and J. Poutanen  aU.K.bHarwood Academic Publishersc1989 a81p. aSoviet Scientific Review/Section E aCompton scattering, Atrophysics, Space physics921469 aPoutanen, J.921470 cBK c12278d12278 00104070aBANbBANcGENd1997-10-24g3879.60l0o047.1:524/ NAGp13194r2021-11-05v3879.60w1997-10-24yBKGRs. 3879.60